Countries on a zoomed satellite image (Hard) - Statistics

General Stats
  • This quiz has been taken 46 times
  • The average score is 10 of 16
Answer Stats
Picture Answer % Correct
USA
88%
South Korea / Japan
86%
Denmark / Sweden / Germany
84%
Canada
79%
Senegal / Gambia / Mauritania
79%
New Zealand
77%
Yemen / Somalia
77%
Kazakhstan
70%
Philippines / Taiwan
67%
Fiji
65%
China
60%
Turkmenistan / Uzbekistan
56%
Argentina / Uruguay
47%
Dominica / France
47%
France / Italy
40%
Ukraine
19%
No matching quizzes found
Score Distribution
Percent of People with Each Score
Percentile by Number Answered
Your Score History
You have not taken this quiz